| 000 | 00402nam a22001337a 4500 | ||
|---|---|---|---|
| 999 |
_c12608 _d12608 |
||
| 008 | 241220b 2024 ||||| |||| 00| 0 eng d | ||
| 020 | _a9788179921623 | ||
| 082 |
_a823 _bSHA |
||
| 100 | _aSharma, Robin | ||
| 245 | _aThe monk who sold his ferrari : a fable about fulfilling your dreams and reaching your destiny | ||
| 260 |
_aMumbai _bJaico Publishing House _c2024 |
||
| 300 | _a198p. | ||
| 942 | _cBK | ||